000 00744nam a2200265 i 4500
001 bgj
245 0 0 _aComprehension and teaching :
_bresearch reviews /
_cJohn T. Guthrie, ed.
250 _a[2nd print.].
260 _aNewark, De :
_bIntern. Reading Assoc.,
_c1983.
300 _aX, 328 pp ;
_c22 cm.
500 _a1st publ. 1981.
504 _aBibliographies.
650 9 _aReading comprehension
650 9 _aComprehension
650 9 _aReading
650 9 _aLearning, Psychology of
655 _aAddresses, essays, lectures
700 1 _aGUTHRIE, John T.
_eed.
020 _a0872079430 (pbk)
040 _cBPK
041 0 _aeng
920 _a0-87207-943-0 (pbk)
942 _cKS
008 s uk f |000 0 eng
999 _c41369
_d41369
856 _uhttp://koha.tu.koszalin.pl/cgi-bin/koha/opac-detail.pl?biblionumber=41369
_yKatalog online BPK